000 00275nam a2200133Ia 4500
100 _aDeitel/ H.M.
942 _cBK
654 _aOperating System
245 _aOperating Systems
260 _bAddison Wesley Pub
_c1990
082 _a5.43
546 _aENGLISH
999 _c34414
_d34414